000 00486nam a2200157 a 4500
001 000015619
005 20240304195135.0
008 100215s1964 dr ac 001 0 spa d
040 _aDO-SdBNP
_bspa
_cBNPHU
082 _axxxx
_bP872e
100 1 _aPouerié Cordero, M. M.,
_q(Manuel María)
_d1922-2016
_960
245 1 0 _aEstampas de un periodista /
_cM. M. Pouerie Cordero.
260 _aSanto Domingo :
_bDel Caribe,
_c1964.
300 _a147 p. :
_bil., retrs. ;
_c23 cm.
049 _aBNPD
999 _c15174
_d15174